000 00843nam a22002177a 4500
999 _c19168
_d19168
003 AR-CdUCM
008 190516b ||||| |||| 00| 0 spa d
040 _aMUNICIPALIDAD PROVINCIAL DEL CUSCO
_cBIBLIOTECA MUNICIPAL DEL CUSCO
082 _a306.45 /
_bC93
100 _aCueto, Marcos
_940355
245 _aSaberes andinos :
_bciencia y tecnología en Bolivia, Ecuador y Perú /
260 _aLima :
_bIEP,
_c1995.
300 _a213 páginas ;
_c22 cm.
440 _aEstudios históricos
_n19
_940356
505 _aContenido: Tradiciones medicas nativas y resistencia en el Ecuador colonial -- Ciencia ilustrada y saber popular en el conocimiento de la quina en el siglo XVIII...
650 _aTecnologia
_91571
650 _aMedicina tradicional
_914646
650 _aNacionalismo
_92901
942 _2ddc
_cLIBROS
945 _adavv
_d2019-05-16